LDR 00551naa#a2200169#i#450# 001 EN\\bibl\122103 005 20260604070726.4 011 ## _a1998-6785 100 ## _a20230621b2023####ek#y0engy0150####ca 102 ## _aRU 200 1# _aArtisanal salt production in the Far East of the USSR in the 1920s: features of development _eJournal article 210 1# _aVladivostok _cVladivostok State University _d2023 215 ## _a8 с. 608 ## _aJournal article _2local 675 ## _aВсеобщая история. 94 _z 700 #1 _aUstyugova _gOlga A 856 4# _aojkum.editorum.ru _u